00525 2200181 4500001002100000005001500021035002000036007000300056008004100059020001800100082001300118084001900131100002300150245007900173260004500252300002600297650002000323INLIS00000000000142220260428033006 a0010-0426000005ta260428 0 ind  a9786020674674 a899.2213 a899.2213 KUR s0 aKurniawan, Andreas1 aSeorang Pria yang Melalui Duka dengan Mencuci Piring /cKurniawan, Andreas aJakarta :bGramedia Pustaka Utama,c2026 a191 hlm ;c20x13.5 cm aFIKSI INDONESIA